000 00710nam a2200217Ia 4500
003 GCL
005 20240530103259.0
008 140319s9999 xx 000 0 ara d
040 _aGCL /
_cGCL
082 0 4 _a822.008
_bو م
100 1 _aجبرا ابراهيم جبرا
245 1 0 _aماساة هاملت امير الدانمرك /
_cجبرا ابراهيم جبرا
300 _a166 ص ؛
_c20 سم
490 _aروايات الهلال
_v0
650 0 4 _aالادب الانجليزى
650 0 4 _aالمسرح الانجليزى
650 0 4 _aالادب الانجليزى المترجم
650 0 4 _aشكسبير، ويليام
700 1 _aشكسبير، ويليام
942 _2ddc
_cBK
999 _c38114
_d38114